000 00307nam a2200109Ia 4500
008 171211s9999 xx 000 0 und d
245 _aHow to Draw and Paint: Seascapes & Landscapes
245 _cVernon Kerr
260 _c1998
650 _xDrawing
856 _uhttp://down.ebook777.com/007/B000MOHJW6.pdf
999 _c348014
_d348014